Survey techniques to measure and explain corruption (Record no. 289606)

000 -LEADER
fixed length control field 00486cam a22001457a 4500
008 - FIXED-LENGTH DATA ELEMENTS--GENERAL INFORMATION
fixed length control field 180718b2003 xxu||||| |||| 00| 0 eng d
100 ## - MAIN ENTRY--PERSONAL NAME
Personal name Reinikka, Ritva
245 ## - TITLE STATEMENT
Title Survey techniques to measure and explain corruption
Statement of responsibility, etc. by Ritva Reinikka and Jakob Svensson
260 ## - PUBLICATION, DISTRIBUTION, ETC.
Place of publication, distribution, etc. Washington, D.C.
Name of publisher, distributor, etc. World Bank
Date of publication, distribution, etc. 2003
300 ## - PHYSICAL DESCRIPTION
Extent 16p.
440 ## - SERIES STATEMENT/ADDED ENTRY--TITLE
Title Policy reserach working paper; no. 3071
650 ## - SUBJECT ADDED ENTRY--TOPICAL TERM
Topical term or geographic name entry element Municipal services --Corrupt practices
650 ## - SUBJECT ADDED ENTRY--TOPICAL TERM
Topical term or geographic name entry element Bribery
700 ## - ADDED ENTRY--PERSONAL NAME
Personal name Svensson, Jakob
Holdings
Withdrawn status Lost status Damaged status Not for loan Permanent Location Current Location Date acquired Barcode Date last seen Price effective from Koha item type
        Indian Institute of Public Administration Indian Institute of Public Administration 2003-09-08 WB9700 2018-07-20 2018-07-20 WB

Powered by Koha